1320 1249 1347 1728 1348 1056 1463 1338 1169 1053 1849 1618 1919 1251 1055 1149 1657 1829 1236 1154 1751 1422 1210 1814 1090 1113 1560 1140 1845 1229 1354 1275 1777 1015 1659 1596 1381 1624 1778 1971 1305 1807 1816 1343 1339 1559 1951 1705 1938 1740 1890 1006 1354 1862 1067 2000 1917 1238 1755 1392 1154 1787 1785 1833 1211 1318 1908 1372 1955 1393 1066 1396 1200 1716 1216 1048 1058 1476 1327 1565 1881 1640 1208 1049 1245 1186 1836 1295 1216 1991 1117 1805 1876 1018 1590 1741 1468 1258 1393 BCNSPRNW ULIB Ver.6.0+V

เปลี่ยนเป็นภาษาไทย

Change to English
 แสดงรายละเอียดบรรณานุกรม
  กลับหน้าหลัก

Brief Record : Get Marc (ISO 2709) : E-mail record : QR code < ปิดหน้าต่าง
LEADER : 00000nam 2200000uu 4500
001    13399111715
003     ULIB
008    110706s2552||||th 000 0 tha d
020    9786165140096
050  4 BQ5340^bพ831อ 2552
100 0  พุทธทาสภิกขุ,^d2449-2536
245 10 อิทัปปัจจยตา /^cพุทธทาสภิกขุ
250    พิมพ์ครั้งที่ 1
260    กรุงเทพฯ :^bไทยควอลิตี้บุ๊คส์,^c2552
300    [20], 528 หน้า ;^c22 ซม.
650  4 พระพุทธศาสนา
650  4 หลักคำสอน
650  4 ธรรมเทศนา
650  4 ธรรมะ
945    ^p320^l0^i026781
995    ทศพร
999 ^a ใช้งานได้ทุกระบบ
รายการนี้ยังไม่มีแท็ก
คุณยังไม่ได้ล็อกอิน คุณสามารถมีกิจกรรมร่วมกับเว็บไซต์ได้ แต่ต้องล็อกอินก่อน ::
  ล็อกอิน

รายการสื่อสารสนเทศ

ลำดับที่ ประเภท เลขเรียก/บาร์โค้ด สถานที่ สถานะ
- ไม่พบข้อมูล -

รายการใกล้เคียง
    หัวเรื่อง [พระพุทธศาสนา]
    หัวเรื่อง [หลักคำสอน]
    หัวเรื่อง [ธรรมเทศนา]
    หัวเรื่อง [ธรรมะ]

BibComment


ยังไม่เคยถูกคอมเมนท์

คอมเมนท์ทรัพยากรรายการนี้
  คอมเมนท์: อิทัปปัจจยตา พุท..


 Copyright 2026. Bcnsprnw @Library